| 000 | 00484nam a2200169 a 4500 | ||
|---|---|---|---|
| 005 | 20140412111300.0 | ||
| 008 | 000901s19uu xx 00 eng d | ||
| 020 | _a0-8136-2883-0 | ||
| 050 |
_aBB 613 _bJ71 1992 |
||
| 100 | _aJones, Anne G. | ||
| 245 |
_aPeople who stay healthy / _cwritten by Anne G. Jones. |
||
| 260 |
_aCelveland, Ohio : _bModern Curriculum Press, _c1992. |
||
| 300 | _a16 p. ; ill. | ||
| 440 | _aConcept Health | ||
| 650 |
_aSciences _xHealth |
||
| 999 |
_c103335 _d103335 |
||